000 00399pab a2200145 454500
008 180718b1997 xxu||||| |||| 00| 0 eng d
100 _aMartin, Robert W.T.
245 _aContext and contradiction: toward a political theory of conceptual change
260 _c1997
300 _ap.413-36
362 _aJun
650 _aPolitical theory
773 _aPolitical Research Quarterly
909 _a35910
999 _c35910
_d35910